[Event "Oberliga Baden 1516"]
[Site "Baden"]
[Date "2016.04.10"]
[Round "9.3"]
[White "Elis, Volker"]
[Black "Vicol, Dorian"]
[Result "0-1"]
[WhiteElo "2220"]
[BlackElo "2357"]
[PlyCount "84"]
[EventDate "2015.09.20"]
[EventType "team-tourn"]
[EventRounds "9"]
[EventCountry "GER"]
[SourceTitle "EXT 2018"]
[Source "ChessBase"]
[SourceDate "2017.10.13"]
[SourceVersion "1"]
[SourceVersionDate "2017.10.13"]
[SourceQuality "1"]
[WhiteTeam "Handschuhsheim"]
[BlackTeam "Baden-Baden III"]
[WhiteTeamCountry "GER"]
[BlackTeamCountry "GER"]

1. Nf3 g6 2. c4 Bg7 3. Nc3 e5 4. d4 exd4 5. Nxd4 Nc6 6. e3 Nge7 7. Be2 0-0 8. 0-0 Re8 9. Nf3 d6 10. Bd2 d5 11. cxd5 Nxd5 12. Bb5 Nde7 13. Qe2 a6 14. Ba4 Bf5 15. Ne1 b5 16. Bc2 Be6 17. Rd1 Ne5 18. b3 c5 19. Nd3 Qc7 20. Nf4 Bd7 21. Be4 Bc6 22. Ncd5 Nxd5 23. Bxd5 Rad8 24. e4 c4 25. Be3 Bxd5 26. Nxd5 Qb7 27. Bg5 Rd7 28. bxc4 bxc4 29. Rb1 Qc6 30. Rb6 Qc5 31. Rfb1 Nc6 32. Nf6+ Bxf6 33. Bxf6 Rd6 34. Qb2 Ne5 35. Rb8 Rde6 36. Rxe8+ Rxe8 37. Qb8 Kf8 38. Bg7+ Kxg7 39. Qxe8 Nd3 40. Rf1 c3 41. Qd7 Qc4 42. Rd1 c2 0-1

[Event "Verbandsliga Suedbaden 1415"]
[Site "Baden"]
[Date "2014.12.14"]
[Round "4.1"]
[White "Schmider, Bernd"]
[Black "Vicol, Dorian"]
[Result "1-0"]
[WhiteElo "2191"]
[BlackElo "2357"]
[PlyCount "59"]
[EventDate "2014.10.12"]
[EventType "team-tourn"]
[EventRounds "9"]
[EventCountry "GER"]
[SourceTitle "EXT 2022"]
[Source "ChessBase"]
[SourceDate "2021.10.06"]
[SourceVersion "1"]
[SourceVersionDate "2021.10.06"]
[SourceQuality "1"]
[WhiteTeam "Lahr"]
[BlackTeam "Offenburg"]
[WhiteTeamCountry "GER"]
[BlackTeamCountry "GER"]

1. e4 c5 2. Nc3 Nc6 3. f4 g6 4. Nf3 Bg7 5. Bc4 d6 6. 0-0 e6 7. a4 Nge7 8. d3 0-0 9. Qe1 d5 10. Bb3 Nd4 11. Nxd4 cxd4 12. Nd1 dxe4 13. dxe4 b6 14. Nf2 Ba6 15. Nd3 Nc6 16. f5 exf5 17. exf5 Na5 18. Ba2 Bc4 19. b3 Bd5 20. Qf2 gxf5 21. Qxf5 Be6 22. Qh5 Qd5 23. Qh4 Rac8 24. Bh6 Bxh6 25. Qxh6 Qe4 26. Rf3 Rc6 27. Nf2 Qxc2 28. Rg3+ Bg4 29. Rxg4+ Rg6 30. Ne4 1-0

[Event "Verbandsliga Suedbaden 1415"]
[Site "Baden"]
[Date "2014.11.23"]
[Round "3.1"]
[White "Vicol, Dorian"]
[Black "Roesch, Mario"]
[Result "1/2-1/2"]
[WhiteElo "2357"]
[BlackElo "2117"]
[PlyCount "145"]
[EventDate "2014.10.12"]
[EventType "team-tourn"]
[EventRounds "9"]
[EventCountry "GER"]
[SourceTitle "EXT 2022"]
[Source "ChessBase"]
[SourceDate "2021.10.06"]
[SourceVersion "1"]
[SourceVersionDate "2021.10.06"]
[SourceQuality "1"]
[WhiteTeam "Offenburg"]
[BlackTeam "Oberwinden"]
[WhiteTeamCountry "GER"]
[BlackTeamCountry "GER"]

1. e4 c6 2. d4 d5 3. Nc3 dxe4 4. Nxe4 Bf5 5. Ng3 Bg6 6. Nf3 Nd7 7. Bc4 Ngf6 8. 0-0 e6 9. Qe2 Bd6 10. Rd1 0-0 11. Bb3 Qc7 12. c4 c5 13. Bg5 Rac8 14. Rac1 h6 15. Bh4 Bh7 16. Nf1 Bf4 17. Bg3 Nh5 18. Bxf4 Nxf4 19. Qe3 Nf6 20. Ne5 Ng6 21. Nxg6 Bxg6 22. dxc5 Qxc5 23. Qxc5 Rxc5 24. Rd2 b5 25. Ne3 Rfc8 26. Rcd1 Kf8 27. cxb5 Rxb5 28. Bc4 Rbc5 29. Rd4 e5 30. Rd8+ Ke7 31. Rxc8 Rxc8 32. f3 Rd8 33. Rxd8 Kxd8 34. Kf2 Kc7 35. Ke2 Kd6 36. Kd2 Nd7 37. b4 Nb8 38. Bb3 f6 39. Nc4+ Kc7 40. b5 Nd7 41. Kc3 Nc5 42. Bc2 Bxc2 43. Kxc2 Ne6 44. Kc3 h5 45. a4 h4 46. Ne3 h3 47. gxh3 Nd4 48. h4 Nxf3 49. h5 Nh4 50. Kc4 Kd6 51. a5 f5 52. Nd5 Nf3 53. a6 Nd4 54. b6 Nc6 55. Nb4 axb6 56. Nc2 f4 57. Na3 Na7 58. Nb1 Ke6 59. Nc3 Kf5 60. Nd5 Ke4 61. Nc3+ Ke3 62. Kd5 f3 63. Kxe5 f2 64. Nd1+ Kf3 65. Nxf2 Kxf2 66. Kf5 Kf3 67. Kg6 Kg4 68. Kxg7 Kxh5 69. Kf6 b5 70. Ke5 Kh4 71. Kd5 Kh3 72. Kc5 Kh4 73. h3 1/2-1/2

[Event "Verbandsliga Sued Baden 1314"]
[Site "Germany"]
[Date "2014.02.16"]
[Round "6.2"]
[White "Roesch, Mario"]
[Black "Vicol, Dorian"]
[Result "1-0"]
[WhiteElo "2105"]
[BlackElo "2357"]
[PlyCount "105"]
[EventDate "2013.10.20"]
[EventType "team-tourn"]
[EventRounds "9"]
[EventCountry "GER"]
[SourceTitle "EXT 2015"]
[Source "ChessBase"]
[SourceDate "2014.11.20"]
[SourceVersion "1"]
[SourceVersionDate "2014.11.20"]
[SourceQuality "1"]
[WhiteTeam "Oberwinden"]
[BlackTeam "Offenburg"]
[WhiteTeamCountry "GER"]
[BlackTeamCountry "GER"]

1. e4 c5 2. c3 Nf6 3. d3 d6 4. f4 g6 5. Nf3 Bg7 6. Be2 Nc6 7. Na3 Rb8 8. 0-0 b5 9. Bd2 0-0 10. Qe1 Ba6 11. Nc2 b4 12. c4 Ne8 13. Rb1 b3 14. axb3 Rxb3 15. Bc3 Bxc3 16. bxc3 Qb6 17. Rxb3 Qxb3 18. Ne3 Ng7 19. f5 gxf5 20. exf5 f6 21. Nd5 Rf7 22. Nd2 Qb2 23. Ne4 Bb7 24. Rf2 Qb3 25. Qc1 Ne5 26. Nxe7+ Kf8 27. Nd5 Bxd5 28. cxd5 Qxd5 29. Qh6 Ke7 30. Nxf6 Rxf6 31. Qxg7+ Rf7 32. f6+ Kd7 33. Qg8 Kc7 34. Bh5 Ng6 35. c4 Qe6 36. Bxg6 hxg6 37. Qxg6 a5 38. Qf5 Qe3 39. Qf3 Qc1+ 40. Rf1 Qc3 41. g4 a4 42. g5 a3 43. g6 Qd4+ 44. Kg2 Rf8 45. g7 Rb8 46. Rf2 Rg8 47. Re2 Rb8 48. h4 Qxh4 49. Re7+ Kb6 50. Rb7+ Rxb7 51. g8Q Ka7 52. Qxb7+ Kxb7 53. Qg7+ 1-0

[Event "Verbandsliga Sued Baden 1314"]
[Site "Germany"]
[Date "2013.10.20"]
[Round "1.3"]
[White "Vicol, Dorian"]
[Black "Osorio Ortiz, Marcos Eduardo"]
[Result "1-0"]
[WhiteElo "2355"]
[BlackElo "2284"]
[PlyCount "61"]
[EventDate "2013.10.20"]
[EventType "team-tourn"]
[EventRounds "9"]
[EventCountry "GER"]
[SourceTitle "EXT 2015"]
[Source "ChessBase"]
[SourceDate "2014.11.20"]
[SourceVersion "1"]
[SourceVersionDate "2014.11.20"]
[SourceQuality "1"]
[WhiteTeam "Offenburg"]
[BlackTeam "Emmendingen"]
[WhiteTeamCountry "GER"]
[BlackTeamCountry "GER"]

1. e4 e6 2. d4 d5 3. Nc3 Bb4 4. exd5 exd5 5. Bd3 Nc6 6. Be3 Nge7 7. Qf3 Be6 8. Nge2 Qd7 9. 0-0 0-0 10. h3 Ng6 11. Ng3 f5 12. Nh5 f4 13. Nxf4 Nxf4 14. Bxf4 Bd6 15. Nxd5 g5 16. Qg3 Bxd5 17. Bxd6 Qxd6 18. Qxg5+ Kh8 19. Qh5 h6 20. Rae1 Nxd4 21. Bg6 Kg7 22. Bd3 Bf3 23. Qh4 Rae8 24. c3 Be2 25. Bxe2 Rxe2 26. Qg4+ Kh7 27. cxd4 Rxe1 28. Rxe1 Rf4 29. Re7+ Qxe7 30. Qxf4 c6 31. Qe5 1-0

[Event "FRA-chT2 1011"]
[Site "France"]
[Date "2010.11.13"]
[Round "2.1"]
[White "Vicol, Dorian"]
[Black "Esprit, Yohann"]
[Result "1/2-1/2"]
[WhiteElo "2364"]
[BlackElo "2230"]
[PlyCount "111"]
[EventDate "2010.10.17"]
[EventType "team-tourn"]
[EventRounds "11"]
[EventCountry "FRA"]
[SourceTitle "EXT 2012"]
[Source "ChessBase"]
[SourceDate "2011.11.24"]
[SourceVersion "1"]
[SourceVersionDate "2011.11.24"]
[SourceQuality "1"]

1. e4 c5 2. Nf3 Nc6 3. d4 cxd4 4. Nxd4 g6 5. c4 Bg7 6. Be3 Nf6 7. Nc3 0-0 8. Be2 d6 9. 0-0 Nxd4 10. Bxd4 Bd7 11. f4 Bc6 12. e5 dxe5 13. fxe5 Ne8 14. b4 b6 15. b5 Bb7 16. Nd5 Nc7 17. Nf4 g5 18. Nh5 Ne6 19. Bc3 Qxd1 20. Raxd1 Rad8 21. Nxg7 Kxg7 22. g3 Be4 23. Kf2 Rxd1 24. Rxd1 Rd8 25. Rxd8 Nxd8 26. Bb4 Kf8 27. c5 Ne6 28. cxb6 axb6 29. Bd2 Bd5 30. a3 Nd4 31. Bd3 Nf3 32. Bc3 Ke8 33. Bxh7 Nxh2 34. Bd4 Ng4+ 35. Ke2 e6 36. Bxb6 Nxe5 37. Bc7 Nc4 38. a4 Kd7 39. Bb8 f5 40. Kd3 Nb2+ 41. Kd4 Nxa4 42. Bxf5 exf5 43. Kxd5 f4 44. gxf4 gxf4 45. Kc4 Kc8 46. Bxf4 Nb6+ 47. Kc5 Kb7 48. Be3 Nc8 49. Kd5 Ne7+ 50. Ke6 Nc8 51. Kd5 Ne7+ 52. Kc4 Nc8 53. Bc5 Nb6+ 54. Kb4 Nd5+ 55. Ka5 Nc7 56. b6 1/2-1/2

[Event "FRA-chT2 0910"]
[Site "France"]
[Date "2009.10.18"]
[Round "3.2"]
[White "Vicol, Dorian"]
[Black "Broca, Alexandre"]
[Result "1-0"]
[WhiteElo "2381"]
[BlackElo "2148"]
[PlyCount "131"]
[EventDate "2009.09.27"]
[EventType "team-tourn"]
[EventRounds "11"]
[EventCountry "FRA"]
[SourceTitle "EXT 2011"]
[Source "ChessBase"]
[SourceDate "2010.11.26"]
[SourceVersion "1"]
[SourceVersionDate "2010.11.26"]
[SourceQuality "1"]

1. e4 e5 2. Nf3 f5 3. Nxe5 Qf6 4. d4 d6 5. Nc4 fxe4 6. Nc3 Qg6 7. Be3 Nf6 8. f3 exf3 9. gxf3 Be7 10. Qd2 0-0 11. Bd3 Qf7 12. Rg1 Kh8 13. 0-0-0 c6 14. Bf4 Ne8 15. Bg5 b5 16. Bxe7 Qxe7 17. Ne3 d5 18. Rde1 Qc7 19. Nexd5 cxd5 20. Nxd5 Qf7 21. Re7 Qxd5 22. Be4 Qh5 23. Bxa8 Bd7 24. Be4 Qh4 25. Qb4 Qf4+ 26. Kb1 Nc6 27. Bxc6 Bxc6 28. Rxa7 Qxf3 29. b3 Rg8 30. Kb2 Qf2 31. Rg5 Be4 32. Qc3 Bxc2 33. Re7 Bg6+ 34. Ka3 Qxh2 35. Rxb5 Nd6 36. Ra5 Bb1 37. d5 Qxa2+ 38. Kb4 Qg2 39. Qe5 Qg4+ 40. Ka3 Nf5 41. Re8 h5 42. d6 Nxd6 43. Rxg8+ Kxg8 44. Qxd6 Kh7 45. Qe5 Bg6 46. Ra7 Bf5 47. Ra4 Qg6 48. Rd4 Qf6 49. Qxf6 gxf6 50. b4 Kg6 51. b5 Bc8 52. b6 Kg5 53. Rd8 Bb7 54. Rd7 Bf3 55. b7 Bxb7 56. Rxb7 h4 57. Rh7 Kg4 58. Kb3 h3 59. Kc3 Kg3 60. Kd2 h2 61. Ke2 Kg2 62. Rg7+ Kh3 63. Kf2 h1N+ 64. Kf3 Kh2 65. Rg2+ Kh3 66. Rg6 1-0

[Event "FRA-chT2 0910"]
[Site "France"]
[Date "2009.10.17"]
[Round "2.2"]
[White "Cursoux, Laurent"]
[Black "Vicol, Dorian"]
[Result "0-1"]
[WhiteElo "2249"]
[BlackElo "2381"]
[PlyCount "98"]
[EventDate "2009.09.27"]
[EventType "team-tourn"]
[EventRounds "11"]
[EventCountry "FRA"]
[SourceTitle "EXT 2011"]
[Source "ChessBase"]
[SourceDate "2010.11.26"]
[SourceVersion "1"]
[SourceVersionDate "2010.11.26"]
[SourceQuality "1"]

1. e4 c5 2. Nf3 d6 3. Nc3 Nf6 4. Bc4 e6 5. 0-0 Be7 6. d3 0-0 7. Bg5 h6 8. Bh4 Nc6 9. h3 Na5 10. e5 dxe5 11. Nxe5 b6 12. Qe2 Bb7 13. Rfe1 Nxc4 14. dxc4 Ne4 15. Nxe4 Bxh4 16. Rad1 Qc7 17. Nd6 Rad8 18. Nb5 Qe7 19. Nxa7 Bxg2 20. Kxg2 Qxa7 21. Qe4 Qe7 22. Nc6 Qg5+ 23. Qg4 Rxd1 24. Rxd1 Qf6 25. Rf1 Rc8 26. Qe4 Bg5 27. b3 Bf4 28. Rd1 e5 29. Na7 Re8 30. Nb5 Qg5+ 31. Kf1 Qh5 32. Rd3 f5 33. Qd5+ Kh7 34. Nd6 Re7 35. Qf3 Qg6 36. Qg2 Qf6 37. Rd5 Re6 38. Nb5 e4 39. c3 Qf7 40. h4 e3 41. fxe3 Rxe3 42. Qf2 Qh5 43. Qxf4 Rf3+ 44. Qxf3 Qxf3+ 45. Ke1 Qe4+ 46. Kd2 f4 47. Nd6 Qe3+ 48. Kc2 f3 49. Rd3 Qe5 0-1

[Event "FRA-chT2 East 0809"]
[Site "France"]
[Date "2009.02.08"]
[Round "7.1"]
[White "Ikonnikov, Vyacheslav"]
[Black "Vicol, Dorian"]
[Result "1-0"]
[WhiteElo "2562"]
[BlackElo "2388"]
[PlyCount "65"]
[EventDate "2008.10.19"]
[EventType "team-tourn"]
[EventRounds "11"]
[EventCountry "FRA"]
[SourceTitle "EXT 2010"]
[Source "ChessBase"]
[SourceDate "2010.11.25"]
[SourceVersion "1"]
[SourceVersionDate "2010.11.25"]
[SourceQuality "1"]
[WhiteTeam "Gambsheim"]
[BlackTeam "Mundolsheim"]
[WhiteTeamCountry "FRA"]
[BlackTeamCountry "FRA"]

1. d4 Nf6 2. Nf3 e6 3. c4 d5 4. Nc3 Nbd7 5. cxd5 exd5 6. Bg5 c6 7. Qc2 Bd6 8. e3 Nf8 9. Ne5 Ng6 10. f4 0-0 11. Bd3 h6 12. Bxf6 Qxf6 13. 0-0 Ne7 14. e4 Bb4 15. f5 c5 16. Nxd5 Nxd5 17. exd5 cxd4 18. Qe2 Re8 19. Ng4 Qd8 20. Qf3 h5 21. Nf2 Re3 22. Qxh5 Qxd5 23. Rad1 b6 24. Ng4 Re8 25. Rf3 Bb7 26. Rg3 Kf8 27. Qh8+ Ke7 28. Qxg7 Rg8 29. Qf6+ Kf8 30. Qh6+ Ke7 31. Nf6 Qxg2+ 32. Rxg2 Rxg2+ 33. Kf1 1-0

[Event "Wch U18"]
[Site "Belfort"]
[Date "2005.07.20"]
[Round "2"]
[White "Pashikian, Arman"]
[Black "Vicol, Dorian"]
[Result "1-0"]
[WhiteElo "2442"]
[BlackElo "2273"]
[PlyCount "51"]
[EventDate "2005.07.19"]
[EventType "swiss"]
[EventRounds "11"]
[EventCountry "FRA"]
[SourceTitle "CBM 107 Extra"]
[Source "ChessBase"]
[SourceDate "2005.09.01"]
[SourceVersion "1"]
[SourceVersionDate "2005.09.01"]
[SourceQuality "1"]

1. e4 c6 2. d4 d5 3. Nc3 g6 4. h3 Bg7 5. Nf3 dxe4 6. Nxe4 Bf5 7. Bd3 Nf6 8. Nc5 Bxd3 9. Nxd3 Nbd7 10. 0-0 0-0 11. Qe2 Re8 12. Nde5 h6 13. Re1 e6 14. Bf4 Qe7 15. c4 c5 16. Rad1 cxd4 17. Rxd4 Rad8 18. Nc6 Qc5 19. Nxd8 e5 20. Nxb7 Qb6 21. Nd6 Re6 22. c5 Qxc5 23. Ne4 exd4 24. Nxc5 Rxe2 25. Rxe2 Nxc5 26. Nxd4 1-0

[Event "Internet Section 09B g/8'+2\""]
[Site "Dos Hermanas"]
[Date "2004.03.09"]
[Round "2"]
[White "Flores, Diego"]
[Black "Vicol, Dorian"]
[Result "1-0"]
[WhiteElo "2440"]
[BlackElo "2218"]
[PlyCount "65"]
[EventDate "2004.03.09"]
[EventType "swiss (blitz)"]
[EventRounds "9"]
[EventCountry "ESP"]
[SourceTitle "CBM 099 Extra"]
[Source "ChessBase"]
[SourceDate "2004.05.04"]
[SourceVersion "1"]
[SourceVersionDate "2004.05.04"]
[SourceQuality "1"]

1. e4 c5 2. Nc3 Nc6 3. g3 g6 4. Bg2 Bg7 5. d3 d6 6. f4 e6 7. Nf3 Nge7 8. 0-0 0-0 9. Be3 Rb8 10. Bf2 Nd4 11. Nxd4 cxd4 12. Ne2 e5 13. c3 dxc3 14. Nxc3 b6 15. d4 Ba6 16. Re1 Qc7 17. Rc1 Qb7 18. f5 Nc6 19. Nd5 Nxd4 20. Bxd4 exd4 21. Rc7 Qa8 22. f6 Bh6 23. Qxd4 Bb7 24. e5 dxe5 25. Rxe5 Rbd8 26. Qh4 Bd2 27. Ne7+ Kh8 28. Nxg6+ Kg8 29. Ne7+ Kh8 30. Bxb7 Qb8 31. Qxh7+ Kxh7 32. Rh5+ Bh6 33. Be4+ 1-0

[Event "Wch U16"]
[Site "Chalkidiki"]
[Date "2003.10.25"]
[Round "3"]
[White "Jones, Gawain C B"]
[Black "Vicol, Dorian"]
[Result "1-0"]
[WhiteElo "2364"]
[BlackElo "2218"]
[PlyCount "107"]
[EventDate "2003.10.23"]
[EventType "swiss"]
[EventRounds "11"]
[EventCountry "GRE"]
[SourceTitle "EXT 2004"]
[Source "ChessBase"]
[SourceDate "2003.11.25"]
[SourceVersion "1"]
[SourceVersionDate "2003.11.25"]
[SourceQuality "1"]

1. e4 c5 2. Nf3 d6 3. d4 cxd4 4. Nxd4 Nf6 5. Nc3 a6 6. f4 Qb6 7. Nb3 e6 8. Qf3 Be7 9. Be3 Qc7 10. Bd3 b5 11. g4 b4 12. Ne2 d5 13. e5 Ne4 14. Ng3 Nc5 15. Qf2 Nbd7 16. Bd4 a5 17. Nh5 g6 18. Nxc5 Nxc5 19. Bxc5 Qxc5 20. Nf6+ Kd8 21. Qxc5 Bxc5 22. h4 Bb7 23. h5 Kc7 24. g5 Be3 25. Rh4 h6 26. hxg6 fxg6 27. Ke2 d4 28. gxh6 g5 29. fxg5 Bxg5 30. Rxd4 Bxf6 31. exf6 Rxh6 32. Rf1 Rf8 33. f7 e5 34. Rg4 Bd5 35. Bc4 Rh2+ 36. Kd3 Rh3+ 37. Kd2 Rh2+ 38. Kc1 Bxc4 39. Rxc4+ Kd6 40. b3 Rh7 41. Rf6+ Kd5 42. Rc7 Kd4 43. Rd7+ Ke4 44. Re7 Kd4 45. Rd6+ Ke4 46. Rde6 Rh5 47. Ra6 Kf4 48. Rxa5 Rh1+ 49. Kb2 e4 50. Rae5 Re1 51. Rb5 e3 52. Rxb4+ Kf3 53. Rbe4 e2 54. R4e6 1-0

[Event "Moscow Youth Games U14"]
[Site "Moscow"]
[Date "2002.06.24"]
[Round "7"]
[White "Vicol, Dorian"]
[Black "Zhigalko, Sergei"]
[Result "0-1"]
[WhiteElo "2254"]
[BlackElo "2322"]
[PlyCount "112"]
[EventDate "2002.06.18"]
[EventType "swiss"]
[EventRounds "7"]
[EventCountry "RUS"]
[SourceTitle "CBM 088 Extra"]
[Source "ChessBase"]
[SourceDate "2002.07.01"]
[SourceVersion "2"]
[SourceVersionDate "2002.07.01"]
[SourceQuality "1"]

1. e4 c5 2. Nf3 Nc6 3. d4 cxd4 4. Nxd4 Nf6 5. Nc3 e5 6. Ndb5 d6 7. Bg5 a6 8. Na3 b5 9. Nd5 Be7 10. Bxf6 Bxf6 11. c3 0-0 12. Nc2 Bg5 13. a4 bxa4 14. Rxa4 a5 15. Bb5 Bb7 16. 0-0 Ne7 17. Bc4 Bc6 18. Ra2 Rb8 19. Re1 Kh8 20. Nxe7 Qxe7 21. Bd5 Qc7 22. Ne3 Bd7 23. Qc2 g6 24. b3 Rb5 25. Kh1 Rc5 26. Nc4 a4 27. bxa4 Rxd5 28. exd5 Qxc4 29. a5 Ra8 30. Qb2 Qxd5 31. a6 Bc6 32. f3 Be3 33. Raa1 Bc5 34. Red1 Qc4 35. a7 Kg7 36. Qa2 Qxc3 37. Rdc1 Qe3 38. Qc2 Bd5 39. Re1 Rxa7 40. Rac1 Qb3 41. Qxb3 Bxb3 42. h4 h5 43. Rb1 Be6 44. Rb2 Ra2 45. Rxa2 Bxa2 46. Kh2 Be6 47. g3 Kf6 48. Re2 d5 49. Kg2 d4 50. f4 exf4 51. Rf2 Bd5+ 52. Kh3 f3 53. g4 hxg4+ 54. Kh2 d3 55. Rd2 f2 56. Rd1 Bd6# 0-1

[Event "Eforie Nord op"]
[Site "Eforie Nord"]
[Date "2002.??.??"]
[Round "8"]
[White "Pessi, Emil George"]
[Black "Vicol, Dorian"]
[Result "1-0"]
[WhiteElo "2260"]
[BlackElo "2127"]
[PlyCount "66"]
[EventDate "2002.??.??"]
[EventType "swiss"]
[EventRounds "11"]
[EventCountry "ROU"]
[SourceTitle "EXT 2003"]
[Source "ChessBase"]
[SourceDate "2002.11.25"]
[SourceVersion "1"]
[SourceVersionDate "2002.11.25"]
[SourceQuality "1"]

1. e4 c6 2. d4 d5 3. Nc3 dxe4 4. Nxe4 Bf5 5. Bd3 Nf6 6. Nxf6+ gxf6 7. Bxf5 Qa5+ 8. c3 Qxf5 9. Qb3 Qd7 10. Bf4 Na6 11. 0-0-0 e6 12. Nf3 0-0-0 13. Nd2 h5 14. Ne4 Bh6 15. Bxh6 Rxh6 16. c4 f5 17. Nc3 Qe7 18. d5 Qb4 19. Qc2 Rhh8 20. dxe6 fxe6 21. Ne2 Qe7 22. Rhe1 Rxd1+ 23. Rxd1 e5 24. Re1 Qg7 25. g3 Qg4 26. f3 Qg6 27. a3 Nc5 28. b4 Nd7 29. Qd3 Qf6 30. b5 Kc7 31. Qe3 Nb6 32. bxc6 bxc6 33. Qc5 a6 1-0

[Event "Kishinev ULIM Cup"]
[Site "Kishinev"]
[Date "2001.10.07"]
[Round "1"]
[White "Nester, Ihor"]
[Black "Vicol, Dorian"]
[Result "1-0"]
[WhiteElo "2258"]
[BlackElo "2015"]
[PlyCount "108"]
[EventDate "2001.10.07"]
[EventType "swiss"]
[EventRounds "9"]
[EventCountry "MDA"]
[SourceTitle "EXT 2002"]
[Source "ChessBase"]
[SourceDate "2001.11.25"]
[SourceVersion "1"]
[SourceVersionDate "2001.11.25"]
[SourceQuality "1"]

1. Nf3 d5 2. d4 e6 3. c4 Nf6 4. g3 dxc4 5. Bg2 Bd7 6. Nbd2 Bb4 7. Qc2 Bc6 8. Qxc4 Bd6 9. Qc2 Bxf3 10. Bxf3 c6 11. 0-0 0-0 12. Nc4 Bc7 13. Rd1 Qe7 14. b3 Rd8 15. Ba3 Qe8 16. e4 Nbd7 17. e5 Nd5 18. Nd6 Bxd6 19. Bxd6 Nf8 20. b4 Rdc8 21. Qb3 a5 22. bxa5 Rxa5 23. Bxd5 exd5 24. Qxb7 Ne6 25. a3 Ng5 26. Qe7 Ne4 27. Qxe8+ Rxe8 28. Bb4 Ra6 29. f3 Ng5 30. Kf2 f6 31. exf6 gxf6 32. Re1 Ne6 33. g4 Kf7 34. Rad1 Raa8 35. Kg3 Nc7 36. Rxe8 Rxe8 37. Rc1 Re6 38. a4 Na6 39. Bc5 Ke8 40. Rb1 Re2 41. Bb6 Kd7 42. h4 Ke6 43. Bd8 Ra2 44. a5 Ra4 45. Re1+ Kd6 46. Be7+ Kd7 47. Bxf6 Kd6 48. g5 Rxa5 49. Re7 c5 50. dxc5+ Nxc5 51. Rxh7 Ke6 52. Re7+ Kd6 53. Re8 Kd7 54. Re3 Ra4 1-0

[Event "Wch U12"]
[Site "Oropesa del Mar"]
[Date "1999.10.31"]
[Round "7"]
[White "Vicol, Dorian"]
[Black "Tomashevsky, Evgeny"]
[Result "1/2-1/2"]
[WhiteElo "2010"]
[BlackElo "2292"]
[PlyCount "59"]
[EventDate "1999.10.24"]
[EventType "swiss"]
[EventRounds "11"]
[EventCountry "ESP"]
[SourceTitle "CBM 072 Extra"]
[Source "ChessBase"]
[SourceDate "1999.11.18"]
[SourceVersion "1"]
[SourceVersionDate "1999.11.18"]
[SourceQuality "1"]

1. e4 c5 2. Nf3 e6 3. Nc3 a6 4. g3 Nc6 5. Bg2 Qc7 6. 0-0 b5 7. d3 d6 8. Be3 Bb7 9. Ne1 Nf6 10. f4 Be7 11. h3 b4 12. Ne2 d5 13. e5 Nd7 14. c3 a5 15. d4 cxd4 16. cxd4 f5 17. Nf3 h6 18. Nc1 0-0-0 19. Nd3 Kb8 20. Rc1 Ba6 21. Rf2 Bxd3 22. Qxd3 Qb7 23. Bf1 Na7 24. Qa6 Qb6 25. Rfc2 Rc8 26. Rxc8+ Rxc8 27. Rxc8+ Nxc8 28. Qb5 Qxb5 29. Bxb5 Nf8 30. Nd2 1/2-1/2